Triads - Statistics

General Stats
  • This quiz has been taken 17 times
    16 since last reset
  • The average score is 19 of 33
Answer Stats
Hint Answer % Correct
Blue
100%
Green
100%
Standard Additive Primary Colors Red
100%
Happiness
87%
The Holy Trinity The Father
87%
The Son
87%
The Holy Ghost
80%
Charlotte
67%
Three Stooges Larry
67%
Liberty
67%
The Santa Maria
67%
Vici
67%
Curly
60%
Emily
60%
Moe
60%
Christopher Columbus' Ships The Nina
60%
The Pinta
60%
Vidi
60%
Types of Triangles Equilateral
53%
Hammer
53%
Latin phrase popularly attributed to Julius Caesar Veni
53%
Bones in the Human Ear Anvil
47%
Isosceles
47%
Legislative
47%
Scalene
47%
The Bronte Sisters Anne
40%
Branches of the U.S. Government Executive
40%
Judicial
40%
..., ... and the pursuit of ... Life
40%
Stirrup
33%
Charity
20%
The Three Theological Virtues Faith
20%
Hope
13%
No matching quizzes found
Score Distribution
Percent of People with Each Score
Percentile by Number Answered
Your Score History
You have not taken this quiz since the last reset